| 000 -ლიდერი |
| ფიქსირებული სიგრძის საკონტროლო ველი |
01056nam a2200241Ia 4500 |
| 001 - საკონტროლო ნომერი |
| საკონტროლო ველი |
7646 |
| 003 - საკონტროლო ნომრის იდენტიფიკატორი |
| საკონტროლო ველი |
GE_BSU |
| 005 - ბოლო ოპერაციის თარიღი და დრო |
| საკონტროლო ველი |
20240122151401.0 |
| 008 - ფიქსირებული სიგრძის მონაცემთა ელემენტები - ზოგადი ინფორმაცია |
| ფიქსირებული სიგრძის საკონტროლო ველი |
181216s2008||||ge |||||||||||||| ||geo|| |
| 020 ## - წიგნის საერთაშორისო სტანდარტული ნომერი |
| International Standard Book Number |
978–99940–24–26–1 |
| 040 ## - კატალოგიზაციის წყარო |
| Transcribing agency |
GE_BSU |
| 041 ## - ენის კოდი |
| Language code of text/sound track or separate title |
geo |
| 080 ## - უნივერსალური ათობითი კლასიფიკაციის ინდექსი |
| Universal Decimal Classification number |
821.353.1-32 დ–79 |
| 100 ## - მთავარი ჩანაწერი - პიროვნების სახელი |
| Personal name |
დოჩანაშვილი, გურამ |
| 9 (RLIN) |
18694 |
| 245 ## - ცნობა სათაურის შესახებ |
| Title |
ორი მოთხრობა : |
| Remainder of title |
"გივიზე" და ძმები კეჟერაძეების დაზე / |
| Statement of responsibility, etc |
გურამ დოჩანაშვილი ; რედ. ნანა მაღრიშვილი–ღუდუშაური. |
| 264 ## - წარმოების, გამოცემის, დისტრიბუციის და სხვა ცნობები |
| გამოცემის, წარმოების, დისტრიბუციის... ადგილი |
თბილისი : |
| გამოცემის, წარმოების, დისტრიბუციის... სახელწოდება |
გამ–ბა ანბანი, |
| გამოცემის, წარმოების, დისტრიბუციის... თარიღი |
2008. |
| 300 ## - ფიზიკური აღწერა |
| Extent |
123 გვ. ; |
| Dimensions |
20 სმ. |
| 653 ## - INDEX TERM--UNCONTROLLED |
| Uncontrolled term |
მოთხრობა |
| 653 ## - INDEX TERM--UNCONTROLLED |
| Uncontrolled term |
ორი მოთხრობა |
| 700 ## - ADDED ENTRY--PERSONAL NAME |
| Personal name |
მაღრიშვილი–ღუდუშაური, ნანა |
| Relator term |
რედაქტორი |
| 9 (RLIN) |
21084 |
| 942 ## - ADDED ENTRY ELEMENTS (KOHA) |
| Koha item type |
წიგნი |
| Source of classification or shelving scheme |
|